000 00816nam a22002177a 4500
999 _c9703
_d9703
003 AR-CdUCM
008 190328b ||||| |||| 00| 0 spa d
040 _aMUNICIPALIDAD PROVINCIAL DEL CUSCO
_cBIBLIOTECA MUNICIPAL DEL CUSCO
082 _a869.509 /
_bB87 / 1938
110 _aBiblioteca de cultura peruana
_926082
245 _aLiteratura inca :
_bSelección de Jorge Basadre /
260 _bCultura peruana,
_c1938.
300 _a475 páginas ;
_c20 cm.
440 _aBiblioteca de cultura peruana
_n1
_926083
505 _aContenido : Introducción general -- Literatura inca -- Ficción y fábulas -- Cuentos quechuas -- Fábulas quechuas -- Himnos, oraciones y cánticos ...
650 _aLiteratura
_9416
650 _aInca
_9421
650 _aLatinoamericana
_95799
942 _2ddc
_cLIBROS
945 _arah